| 000 | 00805nam a22001697a 4500 | ||
|---|---|---|---|
| 999 |
_c372013 _d372013 |
||
| 008 | 201127b ||||| |||| 00| 0 eng d | ||
| 040 |
_aDE-2950 _bger _cDE-2950 _erda |
||
| 041 | _ager | ||
| 245 |
_aOderland-Gästeführer verstorben. _bNachruf: Walter Hausdorf, der für MOZ-Leser über Jahre Tagestouren ins Nachbarland Polen organisierte, ist nach schwerer Krankheit mit 72 Jahren für immer eingeschlafen / _cJörg Kotterba |
||
| 264 | _c2022 | ||
| 653 | _aHausdorf, Walter; Gäste Führer, 14.12.1949 - 19.11. 2022 | ||
| 773 |
_dFrankfurt (Oder) Märkisches Verlags- und Druckhaus GmbH & Co KG _tMärkische Oderzeitung _g33. Jahrgang (2022) Nr. 282 vom 03./04.12.2022, S. 24: mit Foto + S. 20 (Todesanzeige) |
||
| 942 | _cA | ||